000 00633nam a2200181 i 4500
001 102381
003 ES-MaACL
005 20230906183110.0
007 t|
008 051110q1957 sp ||||1| spa d
100 1 _aMendizábal Allende, Rafael de.
_980222
245 1 0 _aEspaña Judicial
_b: guia práctica para Tribunales y Juzgados /
_cRafael de Mendizábal Allende, Miguel López-Muñiz Goñi.
260 _aMadrid :
_bGesta,
_c[1957?]
300 _a808 p., 3 h. ;
_c20 cm.
500 _aPrecede al tít.: Miguel López-Muñiz Goñi.
700 1 _aLópez-Muñiz Goñi, Miguel.
_973811
852 _aES-MaACL
_jC-12969
_bR.41193
999 _c102381
_d102381